|
|
|
|
| LEADER |
00000nam a2200000 a 4500 |
| 001 |
vtls001393039 |
| 003 |
SK-MaSNL |
| 005 |
20260302001000.0 |
| 008 |
251117s1993 xo aa r y slo |
| 015 |
|
|
|a SNBA2000/09-03087
|
| 020 |
|
|
|a 8022802603
|c 25,00 Sk
|
| 035 |
|
|
|a SNK000347346
|
| 035 |
|
|
|a urn:nbn:sk:snk-amyhgy
|
| 035 |
|
|
|a urn:nbn:sk:snk-am00ckfd
|
| 035 |
|
|
|a 9C1E0FE7-C85F-4C5F-BECE-CE5E673B179A
|
| 040 |
|
|
|a SNK
|b slo
|c SNK
|e AACR2
|
| 041 |
0 |
|
|a slo
|
| 044 |
|
|
|a xo
|c SK
|
| 080 |
|
|
|a 514.18(075.8)
|2 1981
|
| 100 |
1 |
|
|a Palajová, Helena
|4 aut
|9 12704
|
| 245 |
1 |
|
|a Deskriptívna geometria
|n 1.
|c Helena Palajová
|
| 250 |
|
|
|a 2. vyd.
|
| 260 |
|
|
|a Vo Zvolene
|b Technická univerzita
|c 1993
|
| 300 |
|
|
|a 245 s.
|b ilustr., sch.
|c 29 cm
|
| 500 |
|
|
|a 400 výt.
|
| 504 |
|
|
|a Bibliogr. s. 244
|
| 650 |
0 |
7 |
|a deskriptívna geometria
|2 SNK
|9 831
|
| 655 |
|
7 |
|a Textbooks (higher)
|2 SNKPHeng
|9 276436
|
| 655 |
|
7 |
|a učebnice vysokých škôl
|2 SNKPH
|9 70191
|
| 752 |
|
|
|d Zvolen
|
| 919 |
|
|
|a 80-228-0260-3
|
| 958 |
|
|
|a TL
|
| 958 |
|
|
|a UV
|
| 958 |
|
|
|a NB
|
| 958 |
|
|
|a OND
|
| 999 |
|
|
|c 981998
|d 983928
|
| 952 |
|
|
|t P60, <03>, [BOOK], {603}
|a SNK
|b SNK
|y PREZ
|7 0
|p 17A0246649
|o snkSB 62078/1
|i snkKSP 7456/2000
|0 0
|1 0
|4 0
|d 2000-07-24
|f 1
|l 0
|r 2025-04-11 00:00:00
|w 2026-02-24
|